[Event "Bergen Sommer op"]
[Site "Bergen"]
[Date "2006.08.10"]
[Round "5"]
[White "Sorhus, Jostein"]
[Black "Hjortas, Olav"]
[Result "0-1"]
[WhiteElo "1084"]
[BlackElo "1277"]
[PlyCount "168"]
[EventDate "2006.08.06"]
[EventType "swiss"]
[EventRounds "6"]
[EventCountry "NOR"]
[SourceTitle "EXT 2007"]
[Source "ChessBase"]
[SourceDate "2006.11.23"]
[SourceVersion "1"]
[SourceVersionDate "2006.11.23"]
[SourceQuality "1"]

1. e4 d5 2. exd5 Nf6 3. d4 Nxd5 4. c4 Nb6 5. Nf3 g6 6. c5 Nd5 7. Bc4 Bg7 8. 0-0 b6 9. Nc3 Nxc3 10. bxc3 bxc5 11. Qb3 0-0 12. Ng5 e6 13. dxc5 Qe7 14. Ne4 Nc6 15. Qa4 Ne5 16. Be2 Bb7 17. Bg5 f6 18. Be3 Bc6 19. Bb5 Bxb5 20. Qxb5 c6 21. Qa6 Qc7 22. Rab1 Rfb8 23. Nd6 Bf8 24. Qe2 Bxd6 25. cxd6 Qxd6 26. Bf4 Rd8 27. Rfd1 Qc5 28. Qc2 Nc4 29. Qe2 e5 30. Bc1 Rxd1+ 31. Qxd1 Nb6 32. Qf3 Qd5 33. Qe2 Rd8 34. Be3 Qd3 35. Qe1 Nd5 36. Rd1 Qc4 37. Qd2 a6 38. h3 Kf7 39. Rb1 Ke6 40. Rc1 Rd7 41. Qb2 Nxe3 42. fxe3 Qd3 43. Qb3+ Rd5 44. Re1 Qd2 45. Kf1 Qd3+ 46. Re2 Qd1+ 47. Kf2 Qxb3 48. axb3 Rb5 49. Rb2 a5 50. Ke2 a4 51. b4 c5 52. Ra2 cxb4 53. Rxa4 b3 54. Ra1 b2 55. Rb1 Kd5 56. Kd3 Rb3 57. e4+ Kc5 58. Kc2 Kc4 59. Rxb2 Rxc3+ 60. Kd2 Kd4 61. Rb4+ Rc4 62. Rb7 Ra4 63. Ke1 Ke3 64. Rb3+ Kxe4 65. Kf2 Kf5 66. Rb7 h5 67. Rb3 h4 68. Ke3 Ra2 69. Kf3 Kg5 70. Re3 Rb2 71. Re4 Rd2 72. g3 Rd3+ 73. Kg2 Rxg3+ 74. Kh2 Kh5 75. Ra4 f5 76. Ra8 e4 77. Rh8+ Kg5 78. Re8 e3 79. Re5 Kf4 80. Re8 Kf3 81. Rh8 g5 82. Rh5 Kf2 83. Rh6 e2 84. Rf6 Rg2+ 0-1

[Event "NOR-chB"]
[Site "Moss"]
[Date "2006.07.12"]
[Round "6"]
[White "Sorhus, Jostein"]
[Black "Rasdal, Yngve"]
[Result "0-1"]
[WhiteElo "1084"]
[BlackElo "1133"]
[PlyCount "124"]
[EventDate "2006.07.08"]
[EventType "swiss"]
[EventRounds "9"]
[EventCountry "NOR"]
[SourceTitle "EXT 2007"]
[Source "ChessBase"]
[SourceDate "2006.11.23"]
[SourceVersion "1"]
[SourceVersionDate "2006.11.23"]
[SourceQuality "1"]

1. e4 e5 2. Nf3 Nc6 3. Bb5 d6 4. c3 a6 5. Ba4 b5 6. Bb3 Be6 7. Bxe6 fxe6 8. d4 exd4 9. 0-0 Nf6 10. Ng5 e5 11. Ne6 Qe7 12. Nxf8 Rxf8 13. Re1 Qf7 14. Nd2 Nh5 15. Nf3 dxc3 16. bxc3 Nf4 17. Bxf4 Qxf4 18. Qd5 Kd7 19. Rad1 g5 20. Re2 h5 21. Rdd2 h4 22. h3 g4 23. Nxh4 Ne7 24. Qd3 Rh8 25. g3 Qg5 26. hxg4 Qxg4 27. Ng2 Qh3 28. f4 exf4 29. gxf4 Qh1+ 30. Kf2 Rh2 31. Kf3 Rh3+ 32. Kf2 Rxd3 33. Rxd3 Rg8 34. Rg3 Rxg3 35. Kxg3 Qh8 36. Re3 d5 37. Rd3 Qh7 38. f5 Kc6 39. exd5+ Nxd5 40. Rf3 Qg7+ 41. Kh3 Nxc3 42. f6 Qh6+ 43. Nh4 Ne4 44. Kg2 Nxf6 45. Rc3+ Kb6 46. Kh3 c5 47. Rg3 Qd2 48. Rg6 Qb2 49. Nf3 Ka5 50. Rg2 Qxg2+ 51. Kxg2 Ne4 52. Ne1 Nc3 53. a3 Ka4 54. Kf1 Kxa3 55. Nd3 c4 56. Nc5 a5 57. Ke1 Kb2 58. Ne6 a4 59. Nd4 a3 60. Kd2 b4 61. Nc2 b3 62. Nb4 a2 0-1

[Event "NOR-chB"]
[Site "Moss"]
[Date "2006.07.10"]
[Round "4"]
[White "Olsen, Trygve"]
[Black "Sorhus, Jostein"]
[Result "0-1"]
[WhiteElo "1171"]
[BlackElo "1084"]
[PlyCount "70"]
[EventDate "2006.07.08"]
[EventType "swiss"]
[EventRounds "9"]
[EventCountry "NOR"]
[SourceTitle "EXT 2007"]
[Source "ChessBase"]
[SourceDate "2006.11.23"]
[SourceVersion "1"]
[SourceVersionDate "2006.11.23"]
[SourceQuality "1"]

1. e4 c5 2. Bc4 d6 3. Nf3 e6 4. Nc3 a6 5. a4 Nf6 6. d3 h6 7. h3 d5 8. exd5 exd5 9. Ba2 Qe7+ 10. Ne2 Qc7 11. Nf4 Qe7+ 12. Kf1 Qd8 13. c4 d4 14. Nd5 Be6 15. Nf4 Qd7 16. Qb3 Bd6 17. Nxe6 fxe6 18. Nh4 0-0 19. Qd1 Nc6 20. Ng6 Rf7 21. Nf4 Ne5 22. Qe2 Raf8 23. Bd2 g5 24. g3 gxf4 25. gxf4 Ng6 26. f5 exf5 27. Rg1 Kh7 28. Qd1 Bf4 29. Rxg6 Bxd2 30. Rxf6 Rxf6 31. Qxd2 f4 32. Kg2 Rg6+ 33. Kh2 f3 34. Rg1 Rxg1 35. Kxg1 Rg8+ 0-1